00231nam a2200097 a 4500008004100000050001500041245004700056250001200103260000900115350000900124120416s1985 xx |||||||||||||| || u aTH 435 Gre00aSchedule of rates for building works, 1980 a4th ed. c1985 a0.00